Fiskální pozice zemí eurozóny pod vlivem světové hospodářské krize

Analýza vymedzenia a funkčnosť kritérií fiškálnej disciplíny v Európskej menovej únii, ktoré sú prezentované Maastrichtskými konvergenčnými kritériami, pred vstupom krajín do eurozóny a existenciou a fungovaním Paktu stability a rastu pre krajiny, ktoré na projekte EMU už participujú a vyhodnotenie...

Description complète

Enregistré dans:
Détails bibliographiques
Auteur principal: Bednářová, Pavla
Format: Chapitre de livre
Langue:tchèque
Sujets:
Tags: Ajouter un tag
Pas de tags, Soyez le premier à ajouter un tag!

MARC

LEADER 00000naa a2200000 4500
001 0143632
005 20231204125228.9
041 0 |a cze 
044 |a CZ 
245 1 0 |a Fiskální pozice zemí eurozóny pod vlivem světové hospodářské krize  |c Pavla Bednářová 
520 |a Analýza vymedzenia a funkčnosť kritérií fiškálnej disciplíny v Európskej menovej únii, ktoré sú prezentované Maastrichtskými konvergenčnými kritériami, pred vstupom krajín do eurozóny a existenciou a fungovaním Paktu stability a rastu pre krajiny, ktoré na projekte EMU už participujú a vyhodnotenie fiškálnej pozície krajín eurozóny v období prebiehajúcej svetovej hospodárskej krízy. 
610 2 0 |a politika fiškálna 
610 2 0 |a eurozóna 
610 2 0 |a kríza finančná 
610 2 0 |a Európska menová únia 
610 2 0 |a financie verejné 
610 2 0 |a rozpočet spoločný 
100 1 |a Bednářová, Pavla